[Event "GER Seniors Derby 13th"]
[Site "Wesel Undeloh"]
[Date "2014.05.08"]
[Round "4"]
[White "Pfister, Gerhard"]
[Black "Martin, Michael2222"]
[Result "0-1"]
[WhiteElo "1487"]
[BlackElo "1372"]
[PlyCount "110"]
[EventDate "2014.05.07"]
[EventType "swiss"]
[EventRounds "9"]
[EventCountry "GER"]
[SourceTitle "EXT 2018"]
[Source "ChessBase"]
[SourceDate "2017.10.13"]
[SourceVersion "1"]
[SourceVersionDate "2017.10.13"]
[SourceQuality "1"]

1. d4 Nf6 2. c4 d6 3. Nc3 h6 4. e4 c6 5. Be2 g6 6. Nf3 Bg7 7. 0-0 0-0 8. h3 Nbd7 9. Be3 a6 10. Qd2 Kh7 11. Rfd1 Qc7 12. Rac1 e5 13. c5 exd4 14. Bxd4 dxc5 15. Be3 b6 16. Bf4 Qb7 17. Bd6 Re8 18. Qc2 b5 19. a3 Ng8 20. Nd2 Be5 21. Bxe5 Rxe5 22. Nf1 Nf8 23. Bf3 Qe7 24. Ne2 Ne6 25. Ne3 Ng5 26. Nf4 Nxf3+ 27. gxf3 Qf6 28. Neg2 g5 29. Qd2 gxf4 30. Kh2 Be6 31. Nxf4 Bb3 32. Qe3 Bxd1 33. Rxd1 Rd8 34. Rxd8 Qxd8 35. Nd3 Rh5 36. Nf4 Rh4 37. Ng2 Rh5 38. Nf4 Re5 39. Nd3 Rg5 40. f4 c4 41. Ne5 Rxe5 42. fxe5 Qd3 43. Qf4 Qd7 44. Qf3 Qe6 45. Qf4 c5 46. Qg3 Ne7 47. f4 Nc6 48. Kg2 Qg6 49. Qxg6+ fxg6 50. e6 b4 51. axb4 cxb4 52. f5 Kg7 53. Kf2 Ne7 54. Ke3 Nxf5+ 55. exf5 gxf5 0-1

[Event "GER Seniors Derby 13th"]
[Site "Wesel Undeloh"]
[Date "2014.05.08"]
[Round "3"]
[White "Vonhoff, Joerg"]
[Black "Pfister, Gerhard"]
[Result "1-0"]
[WhiteElo "1659"]
[BlackElo "1487"]
[PlyCount "69"]
[EventDate "2014.05.07"]
[EventType "swiss"]
[EventRounds "9"]
[EventCountry "GER"]
[SourceTitle "EXT 2018"]
[Source "ChessBase"]
[SourceDate "2017.10.13"]
[SourceVersion "1"]
[SourceVersionDate "2017.10.13"]
[SourceQuality "1"]

1. e4 c5 2. Nf3 a6 3. d4 cxd4 4. Nxd4 Nf6 5. Nc3 e5 6. Nf3 Qc7 7. Bd3 Bb4 8. Bd2 0-0 9. 0-0 Nc6 10. a3 Bxc3 11. Bxc3 d5 12. exd5 Nxd5 13. Bxh7+ Kxh7 14. Qxd5 Rd8 15. Qe4+ Kg8 16. Ng5 g6 17. Qh4 Kg7 18. Qh7+ Kf6 19. Ne4+ Ke7 20. Qh4+ Kf8 21. Qh8+ Ke7 22. Qf6+ Kf8 23. Bd2 Rxd2 24. Nxd2 Bf5 25. Qh8+ Ke7 26. Qxa8 Bxc2 27. Qh8 e4 28. Qh4+ Kf8 29. Nxe4 Qe5 30. Rfe1 Qxb2 31. Nf6 Kg7 32. Ne8+ Kg8 33. Qf6 Qxf6 34. Nxf6+ Kg7 35. Nd7 1-0

[Event "Unterfranken-ch HA 62th"]
[Site "Gerolzhofen"]
[Date "2011.04.26"]
[Round "2"]
[White "Pfister, Gerhard"]
[Black "Poppe, Wolfgang"]
[Result "1/2-1/2"]
[WhiteElo "1535"]
[BlackElo "1692"]
[PlyCount "47"]
[EventDate "2011.04.25"]
[EventType "swiss"]
[EventRounds "9"]
[EventCountry "GER"]
[SourceTitle "EXT 2015"]
[Source "ChessBase"]
[SourceDate "2014.11.20"]
[SourceVersion "1"]
[SourceVersionDate "2014.11.20"]
[SourceQuality "1"]

1. d4 d5 2. Nf3 e6 3. e3 Nf6 4. Bd3 Nbd7 5. Nbd2 Bd6 6. 0-0 0-0 7. b3 e5 8. dxe5 Nxe5 9. Be2 Bg4 10. Bb2 Qe7 11. Bxe5 Bxe5 12. Nxe5 Bxe2 13. Qxe2 Qxe5 14. Nf3 Qe7 15. c4 Rfd8 16. Rfd1 c6 17. cxd5 Nxd5 18. Qc4 Rd7 19. Rd4 Rad8 20. Rad1 Kf8 21. R1d2 Nb6 22. Qc1 Rxd4 23. Rxd4 Rxd4 24. Nxd4 1/2-1/2

[Event "Unterfranken-ch HT 61th"]
[Site "Kitzingen"]
[Date "2010.04.10"]
[Round "9"]
[White "Renziehausen, Klaus"]
[Black "Pfister, Gerhard"]
[Result "1-0"]
[WhiteElo "1597"]
[BlackElo "1512"]
[PlyCount "65"]
[EventDate "2010.04.05"]
[EventType "swiss"]
[EventRounds "9"]
[EventCountry "GER"]
[SourceTitle "EXT 2015"]
[Source "ChessBase"]
[SourceDate "2014.11.20"]
[SourceVersion "1"]
[SourceVersionDate "2014.11.20"]
[SourceQuality "1"]

1. e4 c5 2. Nc3 Nc6 3. g3 g6 4. Bg2 Bg7 5. Nge2 e6 6. d3 Nge7 7. Be3 Nd4 8. 0-0 0-0 9. f4 f5 10. e5 Nec6 11. Bf2 a6 12. Nxd4 cxd4 13. Ne2 d6 14. Nxd4 Nxd4 15. Bxd4 dxe5 16. Bc3 Qc7 17. Kh1 Rb8 18. fxe5 Bxe5 19. Bxe5 Qxe5 20. d4 Qg7 21. Re1 b5 22. c3 Re8 23. Bc6 Re7 24. Qb3 Qf6 25. Rad1 Bb7 26. d5 exd5 27. Qxd5+ Kg7 28. Bxb7 Rbxb7 29. Kg2 Kh6 30. Qd2+ Kg7 31. Re3 Qc6+ 32. Kf2 Qf6 33. Qd4 1-0

[Event "Unterfranken-ch HT 61th"]
[Site "Kitzingen"]
[Date "2010.04.09"]
[Round "7"]
[White "Pfister, Gerhard"]
[Black "Popp, Maximilian"]
[Result "0-1"]
[WhiteElo "1512"]
[BlackElo "1665"]
[PlyCount "58"]
[EventDate "2010.04.05"]
[EventType "swiss"]
[EventRounds "9"]
[EventCountry "GER"]
[SourceTitle "EXT 2015"]
[Source "ChessBase"]
[SourceDate "2014.11.20"]
[SourceVersion "1"]
[SourceVersionDate "2014.11.20"]
[SourceQuality "1"]

1. d4 Nf6 2. Nf3 g6 3. Bf4 Bg7 4. Nc3 d6 5. Qd2 Nbd7 6. Bh6 Bxh6 7. Qxh6 c5 8. Qg7 Rg8 9. Qh6 Qb6 10. 0-0-0 Qa5 11. Kb1 b5 12. e4 b4 13. Nd5 Bb7 14. Bc4 Nxd5 15. exd5 Nb6 16. dxc5 Nxc4 17. cxd6 Nxd6 18. Qxh7 0-0-0 19. Qh4 Rd7 20. Nd4 Bxd5 21. Nb3 Bxb3 22. cxb3 Rgd8 23. Rhe1 e6 24. Rc1+ Rc7 25. Red1 Rdd7 26. Qd4 Qb6 27. Rxc7+ Kxc7 28. Rc1+ Kb7 29. Qh8 Rc7 0-1

[Event "Unterfranken-ch HT 61th"]
[Site "Kitzingen"]
[Date "2010.04.08"]
[Round "6"]
[White "Buettner, Simon"]
[Black "Pfister, Gerhard"]
[Result "0-1"]
[WhiteElo "1413"]
[BlackElo "1512"]
[PlyCount "74"]
[EventDate "2010.04.05"]
[EventType "swiss"]
[EventRounds "9"]
[EventCountry "GER"]
[SourceTitle "EXT 2015"]
[Source "ChessBase"]
[SourceDate "2014.11.20"]
[SourceVersion "1"]
[SourceVersionDate "2014.11.20"]
[SourceQuality "1"]

1. c4 Nf6 2. g3 c5 3. Bg2 e6 4. Nc3 Nc6 5. d3 d6 6. Bf4 Be7 7. Nf3 0-0 8. 0-0 a6 9. Nd2 e5 10. Be3 Ng4 11. Nde4 Nxe3 12. fxe3 f5 13. Nd2 Bg5 14. Nd5 Ne7 15. Nf3 Nxd5 16. Nxg5 Nxe3 17. Qd2 Nxf1 18. Bd5+ Kh8 19. Rxf1 Rf6 20. Nf7+ Rxf7 21. Bxf7 Qf6 22. Bd5 Rb8 23. e4 g6 24. exf5 gxf5 25. Rf3 Bd7 26. Qf2 b5 27. Be4 Rf8 28. Bb7 a5 29. Bd5 b4 30. b3 Qg5 31. Kh1 Qc1+ 32. Kg2 Qg5 33. Kh1 Rf6 34. Qf1 f4 35. Be4 Bg4 36. Rf2 Qh6 37. Bg2 fxg3 0-1

[Event "Unterfranken-ch HT 61th"]
[Site "Kitzingen"]
[Date "2010.04.06"]
[Round "3"]
[White "Pfister, Gerhard"]
[Black "Mutzbauer, Otto"]
[Result "0-1"]
[WhiteElo "1512"]
[BlackElo "1492"]
[PlyCount "66"]
[EventDate "2010.04.05"]
[EventType "swiss"]
[EventRounds "9"]
[EventCountry "GER"]
[SourceTitle "EXT 2015"]
[Source "ChessBase"]
[SourceDate "2014.11.20"]
[SourceVersion "1"]
[SourceVersionDate "2014.11.20"]
[SourceQuality "1"]

1. d4 d5 2. Nf3 Nf6 3. e3 e6 4. Bd3 c5 5. c3 Nc6 6. Nbd2 a6 7. 0-0 Qc7 8. Qe2 Bd6 9. dxc5 Bxc5 10. e4 dxe4 11. Nxe4 Be7 12. Bg5 Nxe4 13. Bxe4 Bxg5 14. Nxg5 h6 15. Nf3 0-0 16. Rad1 Bd7 17. Rd2 Ne7 18. Rfd1 Bc6 19. Bxc6 Nxc6 20. Rd7 Qb6 21. R1d6 Rfd8 22. Ne5 Rxd7 23. Nxd7 Qc7 24. Qd2 Rd8 25. f4 f6 26. c4 Kh8 27. c5 Nb8 28. c6 bxc6 29. Nxb8 Rxd6 30. Qb4 Qa7+ 31. Kf1 c5 32. Qb3 Rb6 33. Qe3 Qxb8 0-1

[Event "Unterfranken-ch M2 60th"]
[Site "Obernau"]
[Date "2009.04.14"]
[Round "3"]
[White "Pfister, Gerhard"]
[Black "Seifert, Armin"]
[Result "1/2-1/2"]
[WhiteElo "1536"]
[BlackElo "1811"]
[PlyCount "33"]
[EventDate "2009.04.13"]
[EventType "swiss"]
[EventRounds "9"]
[EventCountry "GER"]
[SourceTitle "EXT 2015"]
[Source "ChessBase"]
[SourceDate "2014.11.20"]
[SourceVersion "1"]
[SourceVersionDate "2014.11.20"]
[SourceQuality "1"]

1. d4 d5 2. Nf3 Nf6 3. e3 e6 4. Bd3 c5 5. c3 Nc6 6. Nbd2 b6 7. 0-0 Bd6 8. dxc5 Bxc5 9. e4 0-0 10. e5 Nd7 11. Qe2 Bb7 12. Re1 Rc8 13. Nb3 Be7 14. Bf4 Re8 15. Rad1 Nc5 16. Nxc5 bxc5 17. Bb1 1/2-1/2

[Event "Unterfranken-ch M2 60th"]
[Site "Obernau"]
[Date "2009.04.13"]
[Round "1"]
[White "Pfister, Gerhard"]
[Black "Susallek, Markus"]
[Result "0-1"]
[WhiteElo "1536"]
[BlackElo "1871"]
[PlyCount "53"]
[EventDate "2009.04.13"]
[EventType "swiss"]
[EventRounds "9"]
[EventCountry "GER"]
[SourceTitle "EXT 2015"]
[Source "ChessBase"]
[SourceDate "2014.11.20"]
[SourceVersion "1"]
[SourceVersionDate "2014.11.20"]
[SourceQuality "1"]

1. d4 Nf6 2. Nf3 g6 3. c4 Bg7 4. Nc3 d5 5. e3 0-0 6. Be2 c5 7. cxd5 Nxd5 8. 0-0 Nc6 9. Qb3 Be6 10. Ng5 Nxc3 11. Qxc3 cxd4 12. exd4 Nxd4 13. Qd3 Bf5 14. Ne4 Qb6 15. f3 Nxe2+ 16. Kh1 Nxc1 17. Raxc1 Rfd8 18. Qa3 Bxb2 19. Qxe7 Bxc1 20. Rxc1 Rac8 21. Re1 Re8 22. Qh4 Bxe4 23. fxe4 Qd4 24. Qg4 Rc2 25. Qf4 Rxe4 26. Qb8+ Kg7 27. Rb1 0-1

[Event "Unterfranken-ch HA 58th"]
[Site "Wuerzburg"]
[Date "2007.04.13"]
[Round "7"]
[White "Pfister, Gerhard"]
[Black "Meyer, Marco"]
[Result "1/2-1/2"]
[WhiteElo "1486"]
[BlackElo "1450"]
[PlyCount "99"]
[EventDate "2007.04.09"]
[EventType "swiss"]
[EventRounds "9"]
[EventCountry "GER"]
[SourceTitle "EXT 2015"]
[Source "ChessBase"]
[SourceDate "2014.11.20"]
[SourceVersion "1"]
[SourceVersionDate "2014.11.20"]
[SourceQuality "1"]

1. d4 f5 2. c4 Nf6 3. Nf3 g6 4. Nc3 Bg7 5. e3 0-0 6. Be2 h6 7. Qc2 Kh7 8. h3 d6 9. Bd2 Nc6 10. a3 e5 11. dxe5 dxe5 12. 0-0-0 e4 13. Nd4 Nxd4 14. exd4 Qxd4 15. Be3 Qe5 16. g3 c6 17. Bf4 Qe7 18. Bd6 Qf7 19. Bxf8 Qxf8 20. Rd2 h5 21. Nd1 e3 22. Nxe3 Ne4 23. Bd3 Nxd2 24. Qxd2 f4 25. gxf4 Qxf4 26. Rg1 Bxh3 27. Rxg6 Kh8 28. Rxg7 Kxg7 29. Nf5+ Qxf5 30. Bxf5 Bxf5 31. Qg5+ Bg6 32. Qe7+ Kh6 33. Qxb7 Re8 34. Qxa7 h4 35. Qc7 Re4 36. Qxc6 h3 37. Qd6 Rxc4+ 38. Kd1 Rh4 39. Qg3 Kh5 40. Qe5+ Kh6 41. Qg3 Kh5 42. Qh2 Bf5 43. Kd2 Rd4+ 44. Kc3 Rd3+ 45. Kb4 Rd4+ 46. Kc5 Rd8 47. f4 Rc8+ 48. Kd6 Rc2 49. Qg3 Bg4 50. Qb3 1/2-1/2

[Event "Unterfranken-ch HA 58th"]
[Site "Wuerzburg"]
[Date "2007.04.12"]
[Round "6"]
[White "Schaefer, Dietmar"]
[Black "Pfister, Gerhard"]
[Result "0-1"]
[WhiteElo "1568"]
[BlackElo "1486"]
[PlyCount "48"]
[EventDate "2007.04.09"]
[EventType "swiss"]
[EventRounds "9"]
[EventCountry "GER"]
[SourceTitle "EXT 2015"]
[Source "ChessBase"]
[SourceDate "2014.11.20"]
[SourceVersion "1"]
[SourceVersionDate "2014.11.20"]
[SourceQuality "1"]

1. d4 d5 2. Nf3 Nf6 3. e3 c6 4. Bd3 g6 5. c4 Bg7 6. Nc3 0-0 7. 0-0 b6 8. cxd5 cxd5 9. Bd2 Ba6 10. Bxa6 Nxa6 11. Rc1 Nc7 12. Qa4 a6 13. Ne5 Qd6 14. Ne2 Rfc8 15. Rc6 Qd8 16. Rxb6 Qe8 17. Rc6 Nd7 18. Nxd7 Qxd7 19. Rfc1 Bf8 20. Qc2 Rab8 21. Rxc7 Qxc7 22. Qxc7 Rxc7 23. Rxc7 Rxb2 24. Bc3 Rb1+ 0-1

[Event "Unterfranken-ch HB 57th"]
[Site "Prichsenstadt"]
[Date "2006.04.19"]
[Round "4"]
[White "Pfister, Gerhard"]
[Black "Werner, Sarah"]
[Result "1-0"]
[WhiteElo "1455"]
[BlackElo "784"]
[PlyCount "39"]
[EventDate "2006.04.17"]
[EventType "swiss"]
[EventRounds "9"]
[EventCountry "GER"]
[SourceTitle "EXT 2015"]
[Source "ChessBase"]
[SourceDate "2014.11.20"]
[SourceVersion "1"]
[SourceVersionDate "2014.11.20"]
[SourceQuality "1"]

1. d4 Nc6 2. Nf3 d5 3. Bf4 e6 4. e3 Nf6 5. c3 Be7 6. Bd3 0-0 7. Nbd2 Bd7 8. e4 Bd6 9. e5 Be7 10. exf6 Bxf6 11. 0-0 Re8 12. Re1 Qe7 13. Ne5 Na5 14. Re3 h6 15. Rg3 Bg5 16. Bxg5 hxg5 17. Nxd7 Qxd7 18. Qh5 Kf8 19. Qxg5 Qe7 20. Qxg7# 1-0

[Event "Unterfranken-ch HB 56th"]
[Site "Stetten"]
[Date "2005.03.28"]
[Round "1"]
[White "Pfister, Gerhard"]
[Black "Lindner, Erik"]
[Result "1-0"]
[WhiteElo "1435"]
[BlackElo "1637"]
[PlyCount "67"]
[EventDate "2005.03.28"]
[EventType "swiss"]
[EventRounds "9"]
[EventCountry "GER"]
[SourceTitle "EXT 2015"]
[Source "ChessBase"]
[SourceDate "2014.11.20"]
[SourceVersion "1"]
[SourceVersionDate "2014.11.20"]
[SourceQuality "1"]

1. d4 g6 2. Nf3 Bg7 3. e4 d6 4. Be2 Nf6 5. Nbd2 0-0 6. 0-0 Nbd7 7. c3 c5 8. a3 a5 9. a4 Qc7 10. b3 cxd4 11. cxd4 Nh5 12. Bb2 b6 13. Rc1 Nc5 14. Qc2 Nf4 15. Bb5 Bd7 16. dxc5 Bxb2 17. Qxb2 Bxb5 18. axb5 Ne2+ 19. Kh1 Nxc1 20. Rxc1 dxc5 21. Nd4 Qf4 22. Nc6 Rfe8 23. f3 a4 24. bxa4 Rxa4 25. Qc3 Ra2 26. Rd1 Qg5 27. Qd3 Rea8 28. Kg1 Rb2 29. Qd7 Kf8 30. f4 Qxf4 31. Qxe7+ Kg7 32. Rf1 Qe3+ 33. Kh1 Qxd2 34. Rxf7+ 1-0

[Event "Unterfranken-ch HT 54th"]
[Site "Moembris"]
[Date "2003.04.25"]
[Round "7"]
[White "Marx, Hermann"]
[Black "Pfister, Gerhard"]
[Result "1/2-1/2"]
[WhiteElo "1531"]
[BlackElo "1483"]
[PlyCount "109"]
[EventDate "2003.04.21"]
[EventType "swiss"]
[EventRounds "9"]
[EventCountry "GER"]
[SourceTitle "EXT 2015"]
[Source "ChessBase"]
[SourceDate "2014.11.20"]
[SourceVersion "1"]
[SourceVersionDate "2014.11.20"]
[SourceQuality "1"]

1. c4 e5 2. Nc3 Nc6 3. Nf3 f5 4. d3 Nf6 5. Bg5 Be7 6. e3 d6 7. Be2 0-0 8. 0-0 Be6 9. Nd2 Ne8 10. Bxe7 Nxe7 11. f4 exf4 12. exf4 Nc6 13. Nf3 Rf6 14. d4 Bd7 15. Nd5 Rh6 16. Ng5 Nf6 17. Bf3 Rc8 18. Nxf6+ Rxf6 19. Bd5+ Kh8 20. Qh5 h6 21. Nf7+ Rxf7 22. Bxf7 Qf6 23. d5 Nb4 24. Rae1 Nd3 25. Qe2 Nxe1 26. Be6 Qd4+ 27. Kh1 Bxe6 28. Qxe6 Rb8 29. Rxe1 Qxf4 30. b3 Qf2 31. a4 f4 32. Qe4 Rf8 33. h3 f3 34. Rg1 fxg2+ 35. Rxg2 Qf1+ 36. Kh2 Qf4+ 37. Qxf4 Rxf4 38. Rg3 g5 39. Re3 Rf7 40. Kg3 h5 41. Re4 a5 42. Re6 Kg7 43. Re4 Kf6 44. Kf3 Re7 45. Rd4 Re5 46. Kf2 Kf5 47. Kf3 b6 48. Rd3 Re4 49. Kg2 g4 50. hxg4+ hxg4 51. Kg3 Rf4 52. Re3 Rf3+ 53. Rxf3+ gxf3 54. Kxf3 Ke5 55. Ke3 1/2-1/2

[Event "Unterfranken-ch HT 54th"]
[Site "Moembris"]
[Date "2003.04.22"]
[Round "2"]
[White "Pfister, Gerhard"]
[Black "Kirchenmayer, Thomas"]
[Result "1-0"]
[WhiteElo "1483"]
[BlackElo "1312"]
[PlyCount "109"]
[EventDate "2003.04.21"]
[EventType "swiss"]
[EventRounds "9"]
[EventCountry "GER"]
[SourceTitle "EXT 2015"]
[Source "ChessBase"]
[SourceDate "2014.11.20"]
[SourceVersion "1"]
[SourceVersionDate "2014.11.20"]
[SourceQuality "1"]

1. d4 d5 2. c4 e6 3. Nf3 Nf6 4. Bg5 Nbd7 5. Nc3 c6 6. e3 Qa5 7. cxd5 exd5 8. Qb3 Ne4 9. Rc1 Bb4 10. Bd3 Ndf6 11. Bxf6 Nxf6 12. a3 Bxc3+ 13. bxc3 0-0 14. h3 Qc7 15. 0-0 Qe7 16. c4 dxc4 17. Bxc4 Rb8 18. Bd3 Be6 19. Bc4 Rfc8 20. Bxe6 Qxe6 21. Qxe6 fxe6 22. Ne5 Rc7 23. Rc2 Rbc8 24. Rfc1 Nd7 25. Nd3 a6 26. Nc5 Nxc5 27. Rxc5 b6 28. Re5 Kf7 29. a4 Rd7 30. Kf1 Rd5 31. Rxd5 exd5 32. Ke2 c5 33. dxc5 Rxc5 34. Rxc5 bxc5 35. Kd3 Ke6 36. e4 Kd6 37. exd5 Kxd5 38. f4 c4+ 39. Kc3 g6 40. g4 Ke4 41. Kxc4 Kxf4 42. a5 Ke5 43. Kc5 Ke6 44. Kb6 Kd7 45. Kxa6 Kc8 46. g5 Kc7 47. Kb5 Kb7 48. Kc5 Ka6 49. Kd6 Kxa5 50. Ke6 Kb5 51. Kf7 Kc5 52. Kg7 Kd5 53. Kxh7 Ke6 54. Kxg6 Ke7 55. Kg7 1-0